Návrh marketingovej stratégie podniku diplomová práca

Guardado en:
Detalles Bibliográficos
Autor principal: Vendrinská, Natália
Autor Corporativo: Obchodná fakulta EU. Katedra marketingu
Otros Autores: Nekolová, Veronika, 1984-
Formato: Libro
Lenguaje:eslovaco
Publicado: Bratislava 2020
Etiquetas: Agregar Etiqueta
Sin Etiquetas, Sea el primero en etiquetar este registro!

MARC

LEADER 00000nbm a2200000 4500
001 0266304
005 20201006140005.2
041 0 |a slo 
044 |a SK 
245 1 0 |a Návrh marketingovej stratégie podniku  |b diplomová práca  |c Natália Vendrinská ; školiteľ: Veronika Nekolová 
264 1 |a Bratislava  |c 2020 
300 |a 75 s. 
100 1 |a Vendrinská, Natália 
700 1 |a Nekolová, Veronika, 1984- 
710 2 |a Obchodná fakulta EU. Katedra marketingu